CLASSICAL MECHANICS (Record no. 22232)

MARC details
000 -LEADER
fixed length control field 00274nam a22001337a 4500
003 - CONTROL NUMBER IDENTIFIER
control field SGT
082 ## - DEWEY DECIMAL CLASSIFICATION NUMBER
Classification number 531
Item number GOL
100 ## - MAIN ENTRY--PERSONAL NAME
Personal name GOLDSTEIN, HEVBERT
245 ## - TITLE STATEMENT
Title CLASSICAL MECHANICS
250 ## - EDITION STATEMENT
Edition statement 3RD
260 ## - PUBLICATION, DISTRIBUTION, ETC. (IMPRINT)
Place of publication, distribution, etc INDIA
Name of publisher, distributor, etc PEARSON
Year of Publication 2021
300 ## - PAGE DESCRIPTION
No. of Pages 646
942 ## - ADDED ENTRY ELEMENTS (KOHA)
Source of classification or shelving scheme Dewey Decimal Classification
Koha item type Books
942 ## - ADDED ENTRY ELEMENTS (KOHA)
-- 1
Holdings
Withdrawn status Lost status Source of classification or shelving scheme Damaged status Not for loan Collection code Home library Current library Shelving location Date acquired Vendor Name Cost, normal purchase price SGTU Bill Number Total Checkouts Full call number Accession No. (Barcode) Date last seen Bill Date Koha item type Date last borrowed
    Dewey Decimal Classification     SCIENCE SGT Science & Social Sciences Library SGT Science & Social Sciences Library Text Book 25/02/2022 ABC 829.00 SGTU 13646   531 GOL PS6290 25/02/2022   Books  
    Dewey Decimal Classification     SCIENCE SGT Science & Social Sciences Library SGT Science & Social Sciences Library Text Book 25/02/2022 ABC 829.00 SGTU 13646   531 GOL PS6291 25/02/2022   Books  
    Dewey Decimal Classification     SCIENCE SGT Science & Social Sciences Library SGT Science & Social Sciences Library Text Book 25/02/2022 ABC 829.00 SGTU 13646 1 531 GOL PS6292 20/09/2022   Books 19/09/2022
    Dewey Decimal Classification     SCIENCE SGT Science & Social Sciences Library SGT Science & Social Sciences Library Text Book 25/02/2022 ABC 829.00 SGTU 13646   531 GOL PS6293 25/02/2022   Books